[Event "Prague Hagemann m"]
[Site "Prague"]
[Date "2000.09.09"]
[Round "4"]
[White "Aleksandrov, Aleksej"]
[Black "Oral, Tomas"]
[Result "1/2-1/2"]
[WhiteElo "2591"]
[BlackElo "2531"]
[PlyCount "88"]
[EventDate "2000.09.06"]
[Source "ChessBase"]
[SourceDate "2001.01.25"]

1. d4 Nf6 2. c4 g6 3. Nc3 d5 4. Nf3 Bg7 5. e3 O-O 6. b4 b6 7. Ba3 c5 8. bxc5 bxc5 9. Bxc5 Na6 10. Ba3 Qa5 11. Bb2 Ne4 12. Rc1 Rb8 13. Ba1 Nb4 14. Nd2 e5 15. Nb3 Nxc3 16. Bxc3 Qxa2 17. dxe5 Ba6 18. Nd4 Qa3 19. Bxb4 Qxb4+ 20. Qd2 Qxd2+ 21. Kxd2 Rb2+ 22. Kc3 Rxf2 23. cxd5 Bb7 24. Bc4 Bxe5 25. Rb1 Bc8 26. Rb2 Rxb2 27. Kxb2 Bf5 28. Ra1 Rc8 29. Kb3 Rc7 30. g3 Be4 31. Ra5 Rb7+ 32. Rb5 Rxb5+ 33. Nxb5 a6 34. Nd4 Bxd4 35. exd4 Kf8 36. Kb4 Ke8 37. Kc5 a5 38. Bb3 Kd7 39. Ba4+ Kd8 40. d6 f5 41. Kb5 g5 42. Kxa5 f4 43. gxf4 gxf4 44. Kb4 Bg2 1/2-1/2

[Event "Prague Hagemann m"]
[Site "Prague"]
[Date "2000.09.11"]
[Round "6"]
[White "Aleksandrov, Aleksej"]
[Black "Oral, Tomas"]
[Result "1/2-1/2"]
[WhiteElo "2591"]
[BlackElo "2531"]
[PlyCount "35"]
[EventDate "2000.09.06"]
[Source "ChessBase"]
[SourceDate "2001.01.25"]

1. d4 Nf6 2. c4 g6 3. Nc3 d5 4. Nf3 Bg7 5. e3 O-O 6. b4 b6 7. Qb3 c5 8. bxc5 bxc5 9. cxd5 Nbd7 10. Be2 Rb8 11. Qa3 Bb7 12. Rb1 Bxd5 13. Rxb8 Qxb8 14. Nxd5 Nxd5 15. O-O Rc8 16. Bc4 e6 17. Bxd5 exd5 18. dxc5 1/2-1/2

[Event "7th Amplico AIG Life"]
[Site "Warsaw POL"]
[Date "2007.12.16"]
[Round "12"]
[White "Socko, B."]
[Black "Ajrapetjan, Y."]
[Result "1/2-1/2"]
[WhiteElo "2646"]
[BlackElo "2420"]
[PlyCount "157"]
[EventDate "2007.12.15"]
[Source "www.chesslib.no"]
[SourceDate "2004.05.04"]

1. d4 Nf6 2. c4 g6 3. Nc3 d5 4. Nf3 Bg7 5. e3 O-O 6. b4 a5 7. b5 c5 8. Ba3 cxd4 9. exd4 Bg4 10. h3 Bxf3 11. Qxf3 Re8 12. cxd5 e5 13. dxe6 Rxe6+ 14. Be2 Qxd4 15. Rd1 Qb6 16. O-O Nbd7 17. Na4 Qc7 18. Rc1 Qb8 19. Rfd1 Ne5 20. Qb3 Bh6 21. Rc2 b6 22. Bb2 Qe8 23. Bf1 Rd8 24. Re1 Nd5 25. Rce2 Bg7 26. Qg3 Qxb5 27. Bxe5 Qxa4 28. Bxg7 Rxe2 29. Rxe2 Kxg7 30. Rd2 Rd7 31. Qe5+ Nf6 32. Bb5 Qxb5 33. Qxb5 Rxd2 34. Qxb6 Rxa2 35. Qd4 h6 36. g4 Re2 37. Qc3 Re6 38. Qxa5 Kg8 39. Qd8+ Kg7 40. Qd4 Re4 41. Qc3 g5 42. Kg2 Rf4 43. f3 Kg6 44. Qd3+ Kg7 45. Qc3 Kg6 46. Qc2+ Kg7 47. h4 Nxg4 48. fxg4 Rxg4+ 49. Kf3 Rxh4 50. Qb2+ Kg8 51. Qb8+ Kg7 52. Qe5+ Kg8 53. Qd6 Kg7 54. Kg2 Rf4 55. Qe5+ Kg8 56. Kg3 Kh7 57. Qd5 Kg7 58. Qc6 Kh7 59. Qb6 Kg7 60. Qd6 Rh4 61. Qe5+ Kg6 62. Qh8 Rf4 63. Qg8+ Kf6 64. Qh7 Ke6 65. Qxh6+ f6 66. Qf8 Kf5 67. Qf7 Rg4+ 68. Kf3 Rf4+ 69. Ke3 Re4+ 70. Kd3 Rf4 71. Qh7+ Ke6 72. Ke3 Rh4 73. Qg6 Rf4 74. Qe8+ Kf5 75. Qd7+ Kg6 76. Qd3+ Kg7 77. Qb5 Kg6 78. Qe8+ Kg7 79. Qe7+ 1/2-1/2

[Event "Titovo Uzice"]
[Site "?"]
[Date "1978.??.??"]
[Round "11"]
[White "Bagirov Vladimir"]
[Black "Smejkal Jan"]
[Result "1/2-1/2"]
[WhiteElo "2505"]
[BlackElo "2555"]
[PlyCount "33"]
[EventDate "1978.??.??"]
[Source "www.chesslib.no"]
[SourceDate "2004.05.04"]

1. d4 Nf6 2. c4 g6 3. Nc3 d5 4. Nf3 Bg7 5. e3 O-O 6. b4 b6 7. Qb3 c5 8. bxc5 bxc5 9. cxd5 Na6 10. Be2 Rb8 11. Qa4 Nb4 12. O-O Nfxd5 13. Bd2 Qd7 14. Qa5 cxd4 15. Nxd4 Nxc3 16. Bxc3 Nd5 17. Bd2 1/2-1/2

[Event "Mind Sports Games - Rapid Ind"]
[Site "Pechino CINA"]
[Date "2008.10.07"]
[Round "9"]
[White "Socko, B."]
[Black "Livshits, G."]
[Result "0-1"]
[WhiteElo "2631"]
[BlackElo "2427"]
[PlyCount "58"]
[EventDate "2008.10.05"]
[Source "www.chesslib.no"]
[SourceDate "2004.05.04"]

1. d4 Nf6 2. c4 g6 3. Nc3 d5 4. Nf3 Bg7 5. e3 O-O 6. b4 b6 7. Ba3 c6 8. Rc1 Ba6 9. b5 Bb7 10. cxd5 cxb5 11. Nxb5 Nxd5 12. Be2 Nc6 13. O-O a6 14. Nc3 Rc8 15. Nxd5 Qxd5 16. Qb3 Qxb3 17. axb3 Rfd8 18. Rfd1 e6 19. Nd2 b5 20. Bf3 f5 21. Bc5 a5 22. Bb6 Rd6 23. Rc5 Bf8 24. Rdc1 a4 25. bxa4 bxa4 26. Kf1 a3 27. Nb3 Nxd4 28. Rxc8 Nxb3 29. Bxb7 Rxb6 0-1

[Event "Leningrad tt"]
[Site "Leningrad RUS"]
[Date "1974.??.??"]
[Round "?"]
[White "Taimanov, Mark E"]
[Black "Karasev, Vladimir I"]
[Result "1-0"]
[WhiteElo "2580"]
[BlackElo "2460"]
[PlyCount "69"]
[EventDate "1974.??.??"]
[Source "www.chesslib.no"]
[SourceDate "2004.05.04"]

1. d4 Nf6 2. c4 g6 3. Nc3 d5 4. Nf3 Bg7 5. e3 O-O 6. b4 Ne4 7. Bb2 Nxc3 8. Bxc3 c6 9. Be2 Bg4 10. Qb3 dxc4 11. Qxc4 Nd7 12. O-O Bxf3 13. Bxf3 e5 14. Rfd1 Qe7 15. b5 e4 16. Be2 c5 17. Rac1 Rfc8 18. dxc5 Bxc3 19. c6 bxc6 20. Qxc3 Ne5 21. Qd4 cxb5 22. Bxb5 Rxc1 23. Rxc1 Ng4 24. h3 Rd8 25. Qc4 Nf6 26. g3 Rd2 27. Qc8+ Kg7 28. Rc7 Qe5 29. Bc4 Rd1+ 30. Kg2 Nd5 31. Bxd5 Qxd5 32. Qb7 Qxa2 33. Qxe4 Qa1 34. Qf3 Kh6 35. Rxf7 1-0

[Event "URS-FL"]
[Site "Baku"]
[Date "1977.??.??"]
[Round "3"]
[White "Bagirov, Vladimir"]
[Black "Tukmakov, Vladimir B"]
[Result "1/2-1/2"]
[WhiteElo "2480"]
[BlackElo "2540"]
[PlyCount "52"]
[EventDate "1977.??.??"]
[Source "ChessBase"]

1. d4 Nf6 2. c4 g6 3. Nc3 d5 4. Nf3 Bg7 5. e3 O-O 6. b4 Be6 7. c5 Bg4 8. Bb2 Nbd7 9. Be2 c6 10. O-O Qc7 11. Qc2 Rfe8 12. Rad1 Bxf3 13. gxf3 e5 14. dxe5 Nxe5 15. Kg2 Re7 16. Na4 Rae8 17. Bd4 Ned7 18. f4 Ne4 19. Bxg7 Kxg7 20. Qb2+ Kg8 21. Nc3 Nxc3 22. Qxc3 Re6 23. Bg4 Re4 24. Bf3 R4e6 25. Bg4 Re4 26. Bf3 R4e6 1/2-1/2

[Event "Open"]
[Site "Vladimir"]
[Date "2004.08.24"]
[Round "7"]
[White "Prizant, Jaroslav"]
[Black "Zakhartsov, Viacheslav V"]
[Result "1/2-1/2"]
[WhiteElo "2469"]
[BlackElo "2521"]
[PlyCount "45"]
[EventDate "2004.08.18"]
[Source "Roberto Alvarez"]
[SourceDate "2004.09.21"]

1. d4 Nf6 2. c4 g6 3. Nc3 d5 4. Nf3 Bg7 5. e3 O-O 6. b4 c6 7. Bb2 Ne4 8. Bd3 Nxc3 9. Bxc3 Bg4 10. h3 Bxf3 11. Qxf3 dxc4 12. Bxc4 Nd7 13. O-O e5 14. Rad1 exd4 15. Bxd4 Qe7 16. Bb3 a6 17. Qf4 Bxd4 18. Rxd4 Nf6 19. Qd6 Rfe8 20. Rfd1 Kg7 21. Qxe7 Rxe7 22. Kf1 a5 23. bxa5 1/2-1/2

[Event "XII Open HIT 2007 - A"]
[Site "Nova Gorica SLO"]
[Date "2007.01.26"]
[Round "2"]
[White "Jovanic, Ognjen"]
[Black "Borisek, Jure"]
[Result "0-1"]
[WhiteElo "2463"]
[BlackElo "2518"]
[PlyCount "120"]
[EventDate "2007.01.26"]
[Source "www.chesslib.no"]
[SourceDate "2004.05.04"]

1. d4 Nf6 2. c4 g6 3. Nc3 d5 4. Nf3 Bg7 5. e3 O-O 6. b4 c6 7. Qb3 Bg4 8. Ne5 Be6 9. c5 Nbd7 10. Nxd7 Nxd7 11. Bd3 a5 12. Bd2 b6 13. cxb6 Qxb6 14. bxa5 Qxa5 15. Qc2 Rfc8 16. Rc1 Qa7 17. O-O c5 18. dxc5 Nxc5 19. Rfd1 Qa3 20. Be1 Na4 21. Nb5 Rxc2 22. Rxc2 Qb2 23. Rxb2 Nxb2 24. Rd2 Rxa2 25. Kf1 Ra1 26. Be2 Rb1 27. f3 Bf6 28. Kf2 Kg7 29. Rc2 Bf5 30. Rd2 e6 31. Nd4 Nc4 32. Bxc4 dxc4 33. Nxf5+ gxf5 34. Rc2 Rb2 35. Rxb2 Bxb2 36. Ke2 Kf6 37. Bg3 Ke7 38. Kd2 Kd7 39. Kc2 Bf6 40. h3 Kc6 41. Bf4 Kd5 42. g4 Be5 43. Bh6 fxg4 44. hxg4 f5 45. gxf5 exf5 46. Kd2 Kc5 47. Kc2 Kb5 48. Kd2 Kb4 49. Kc2 Ka4 50. Bg5 h5 51. Bh4 Kb5 52. Kd2 Kc5 53. Kc2 Kd5 54. Kd2 Ke6 55. Ke2 Bf6 56. Be1 h4 57. Kf2 c3 58. e4 f4 59. Kg2 Bd4 60. Kh3 c2 0-1

[Event "It (Open) Zadar CRO"]
[Site "?"]
[Date "2005.12.14"]
[Round "4"]
[White "Gleizerov Evgeny"]
[Black "Sebenik Matej"]
[Result "1/2-1/2"]
[WhiteElo "2564"]
[BlackElo "2407"]
[PlyCount "85"]
[EventDate "2005.??.??"]
[Source "www.chesslib.no"]
[SourceDate "2004.05.04"]

1. d4 Nf6 2. c4 g6 3. Nc3 d5 4. Nf3 Bg7 5. e3 O-O 6. b4 c6 7. Bb2 Ne4 8. Bd3 Nxc3 9. Bxc3 dxc4 10. Bxc4 Nd7 11. O-O Nb6 12. Bb3 Nd5 13. Bd2 Qd6 14. a3 h6 15. e4 Nc7 16. Qc1 Nb5 17. e5 Qd8 18. Bxh6 Nxd4 19. Nxd4 Qxd4 20. Re1 Be6 21. Bxg7 Kxg7 22. Bxe6 fxe6 23. Qc2 Rf5 24. Rad1 Rxe5 25. Re2 Rxe2 26. Qxe2 Qf6 27. h3 a5 28. b5 cxb5 29. Qxb5 Rf8 30. Qc5 Rf7 31. Rb1 Qf5 32. Qc3+ Qf6 33. Qe3 Rf8 34. Rxb7 Rd8 35. Rb5 Rd5 36. Rb1 e5 37. Re1 Qd6 38. h4 Rd1 39. Rxd1 Qxd1+ 40. Kh2 Qd6 41. g3 Qd5 42. a4 Kf7 43. Qc3 1/2-1/2

[Event "Bucharest ROM"]
[Site "?"]
[Date "2006.05.11"]
[Round "7"]
[White "Barnaure Vlad Victor"]
[Black "Lupulescu Constantin"]
[Result "1-0"]
[WhiteElo "2416"]
[BlackElo "2534"]
[PlyCount "55"]
[EventDate "2006.??.??"]
[Source "www.chesslib.no"]
[SourceDate "2004.05.04"]

1. d4 Nf6 2. c4 g6 3. Nc3 d5 4. Nf3 Bg7 5. e3 O-O 6. b4 b6 7. Ba3 Bb7 8. Qb3 a6 9. Rc1 h6 10. Bb2 dxc4 11. Bxc4 Nbd7 12. Be2 Rb8 13. O-O c5 14. Rfd1 Qe8 15. d5 b5 16. bxc5 Nxc5 17. Qb4 Ncd7 18. Ba3 e6 19. dxe6 Qxe6 20. Rd6 Qe7 21. Rcd1 Ne5 22. Nxe5 Qxe5 23. Bb2 Qg5 24. g3 Rfe8 25. Qd4 Rec8 26. h4 Qf5 27. g4 Qc5 28. Rd8+ 1-0

[Event "JUG-chT"]
[Site "Vrnjacka Banja"]
[Date "1999.??.??"]
[Round "11"]
[White "Rabrenovic, Vladan"]
[Black "Atalik, Suat"]
[Result "0-1"]
[WhiteElo "2348"]
[BlackElo "2598"]
[PlyCount "40"]
[EventDate "1999.08.??"]
[Source "www.chesslib.no"]
[SourceDate "2004.05.04"]

1. d4 Nf6 2. c4 g6 3. Nc3 d5 4. Nf3 Bg7 5. e3 O-O 6. b4 Be6 7. Ne5 dxc4 8. Bxc4 Bxc4 9. Nxc4 Nd5 10. Qb3 Nc6 11. Ba3 Nxd4 12. exd4 Nxc3 13. Qxc3 Bxd4 14. Qc1 Bxa1 15. Qxa1 Qd3 16. Qc1 b5 17. Na5 Rfd8 18. h4 Rd6 19. Rh3 Qe4+ 20. Re3 Qxg2 0-1

[Event "Frankfurt"]
[Site "Frankfurt"]
[Date "1990.??.??"]
[Round "?"]
[White "Kohlweyer, Bernd"]
[Black "Epishin, Vladimir"]
[Result "0-1"]
[WhiteElo "2395"]
[BlackElo "2550"]
[PlyCount "70"]
[EventDate "1990.??.??"]
[Source "ChessBase"]

1. d4 Nf6 2. c4 g6 3. Nc3 d5 4. Nf3 Bg7 5. e3 O-O 6. b4 c6 7. Qb3 dxc4 8. Bxc4 b5 9. Be2 Be6 10. Qb2 a5 11. O-O axb4 12. Qxb4 Na6 13. Qb1 b4 14. Bxa6 bxc3 15. Qd3 c5 16. a4 Bd5 17. dxc5 Qc7 18. Bb5 Rfd8 19. Qe2 Ne4 20. Ba3 Nxc5 21. Bxc5 Qxc5 22. Nd4 e5 23. Nf3 Bb3 24. Rac1 e4 25. Nd4 Bxd4 26. exd4 Qxd4 27. h4 h5 28. Rfe1 Bxa4 29. Bxa4 Rxa4 30. g3 Qf6 31. Rc2 Rd3 32. Rec1 Qd4 33. Kf1 e3 34. fxe3 Rxe3 35. Qf2 Qd3+ 0-1

[Event "Pula op"]
[Site "Pula"]
[Date "1997.??.??"]
[Round "9"]
[White "Nikolov, Sasho"]
[Black "Balinov, Ilija"]
[Result "1-0"]
[WhiteElo "2370"]
[BlackElo "2570"]
[PlyCount "73"]
[EventDate "1997.05.??"]
[Source "www.chesslib.no"]
[SourceDate "2004.05.04"]

1. d4 Nf6 2. c4 g6 3. Nc3 d5 4. Nf3 Bg7 5. e3 O-O 6. b4 c6 7. Bb2 Be6 8. Nd2 a5 9. b5 dxc4 10. Nxc4 Nd5 11. bxc6 Nxc3 12. Bxc3 Nxc6 13. Rb1 Nb4 14. a3 Qc8 15. Bxb4 axb4 16. Rxb4 b5 17. Nd2 Rxa3 18. Rxb5 Rc3 19. Rb1 Bf5 20. Ra1 Rc2 21. Qe2 Qc3 22. Rd1 Rc8 23. g4 Be4 24. f3 e5 25. fxe4 exd4 26. exd4 Bxd4 27. Qd3 Qb2 28. h4 Rd8 29. Rh2 Bf6 30. Qf3 Bc3 31. Bd3 Rc1 32. Bc4 Bxd2+ 33. Kf1 Bf4 34. Rxb2 Rcxd1+ 35. Kg2 R8d2+ 36. Rxd2 Rxd2+ 37. Kf1 1-0

[Event "BEL-chT 2003-4"]
[Site "Belgium"]
[Date "2003.12.08"]
[Round "4"]
[White "Hauchard, Arnaud"]
[Black "Chabanon, Jean Luc"]
[Result "1/2-1/2"]
[WhiteElo "2499"]
[BlackElo "2438"]
[PlyCount "65"]
[EventDate "2003.10.05"]
[Source "Roberto Alvarez"]
[SourceDate "2003.12.08"]

1. d4 Nf6 2. c4 g6 3. Nc3 d5 4. Nf3 Bg7 5. e3 O-O 6. b4 b6 7. Qb3 c5 8. bxc5 bxc5 9. cxd5 Na6 10. Be2 Rb8 11. Qa4 Nb4 12. O-O Nfxd5 13. Bd2 Bd7 14. Qxa7 Ra8 15. Qxc5 Rc8 16. Nxd5 Rxc5 17. Nxe7+ Kh8 18. Bxb4 Rc2 19. Bd3 Rb2 20. Ba3 Rb8 21. Rfc1 Re8 22. Nd5 Bg4 23. Nc3 Bxf3 24. gxf3 Qg5+ 25. Kh1 Rxe3 26. fxe3 Qxe3 27. Be4 Bxd4 28. Rab1 Rxb1 29. Nxb1 f5 30. Rc8+ Kg7 31. Rc7+ Kf6 32. Rc6+ Kg7 33. Rc7+ 1/2-1/2

[Event "Jurmala"]
[Site "Jurmala"]
[Date "1987.??.??"]
[Round "?"]
[White "Bagirov, Vladimir"]
[Black "Toshkov, Tihomir"]
[Result "1/2-1/2"]
[WhiteElo "2470"]
[BlackElo "2460"]
[PlyCount "56"]
[EventDate "1987.09.??"]
[Source "ChessBase"]

1. d4 Nf6 2. c4 g6 3. Nc3 d5 4. Nf3 Bg7 5. e3 O-O 6. b4 b6 7. b5 c5 8. bxc6 Nxc6 9. Bb2 Ba6 10. Nb5 Rc8 11. a4 Bb7 12. Rc1 a6 13. Na3 Na5 14. Be2 dxc4 15. Nxc4 Qd5 16. Qd3 Nxc4 17. Rxc4 Rxc4 18. Qxc4 Rc8 19. Qxd5 Bxd5 20. Bd3 Bc4 21. Kd2 Bxd3 22. Kxd3 Nd5 23. Rc1 Rxc1 24. Bxc1 b5 25. axb5 axb5 26. Bd2 f5 27. Ng5 Bf6 28. Ne6 Kf7 1/2-1/2

[Event "New Delhi"]
[Site "Delhi"]
[Date "1982.??.??"]
[Round "2"]
[White "Ravikumar, Vaidyanathan"]
[Black "Dorfman, Josif D"]
[Result "0-1"]
[WhiteElo "2395"]
[BlackElo "2530"]
[PlyCount "80"]
[EventDate "1982.??.??"]
[Source "ChessBase"]

1. d4 Nf6 2. c4 g6 3. Nc3 d5 4. Nf3 Bg7 5. e3 O-O 6. b4 b6 7. Bb2 e6 8. Rc1 Bb7 9. Qb3 Nbd7 10. c5 bxc5 11. dxc5 c6 12. Be2 a5 13. a3 axb4 14. axb4 Ba6 15. O-O Qb8 16. Nd2 Nxc5 17. bxc5 Qxb3 18. Nxb3 Rfb8 19. Bxa6 Rxa6 20. Nxd5 exd5 21. Bxf6 Bxf6 22. Rb1 Ra4 23. Nd2 Rab4 24. Rxb4 Rxb4 25. g3 Bc3 26. Nf3 Rc4 27. Rc1 Kg7 28. Kf1 Kf6 29. Ke2 Rxc5 30. Kd3 Bb4 31. Rxc5 Bxc5 32. g4 h6 33. h3 Ke6 34. Ne1 Bb6 35. Nc2 c5 36. f3 Ke5 37. f4+ Kd6 38. h4 h5 39. gxh5 gxh5 40. e4 c4+ 0-1

[Event "Olomouc A64 op"]
[Site "Olomouc"]
[Date "2000.08.08"]
[Round "7"]
[White "Johansson, Jan"]
[Black "Mirumian, Vigen"]
[Result "0-1"]
[WhiteElo "2353"]
[BlackElo "2557"]
[PlyCount "38"]
[EventDate "2000.08.02"]
[Source "www.chesslib.no"]
[SourceDate "2004.05.04"]

1. d4 Nf6 2. c4 g6 3. Nc3 d5 4. Nf3 Bg7 5. e3 O-O 6. b4 c6 7. Bb2 dxc4 8. Bxc4 Nbd7 9. a3 Nb6 10. Bd3 Bg4 11. O-O e5 12. dxe5 Nfd7 13. e6 Bxf3 14. gxf3 Ne5 15. e7 Qxe7 16. Qe2 Qh4 17. Kg2 Nxd3 18. Qxd3 Nc4 19. Ra2 Rad8 0-1

[Event "Basel Hilton op"]
[Site "Basel"]
[Date "2000.01.02"]
[Round "4"]
[White "Joksic, Sinisa"]
[Black "Tukmakov, Vladimir B"]
[Result "0-1"]
[WhiteElo "2306"]
[BlackElo "2574"]
[PlyCount "50"]
[EventDate "2000.01.01"]
[Source "ChessBase"]
[SourceDate "2000.03.10"]

1. d4 Nf6 2. c4 g6 3. Nc3 d5 4. Nf3 Bg7 5. e3 O-O 6. b4 b6 7. Qb3 Bb7 8. Ne5 Nbd7 9. f4 e6 10. Nxd7 Qxd7 11. c5 a5 12. cxb6 a4 13. Qd1 cxb6 14. b5 Qe7 15. a3 Rfc8 16. Nxa4 Rxc1 17. Rxc1 Qxa3 18. Rc7 Qxe3+ 19. Be2 Ne4 20. Rf1 Bf8 21. Rf3 Bb4+ 22. Nc3 Qg1+ 23. Rf1 Qxh2 24. Rf3 Qxg2 25. Qc1 Ra2 0-1

[Event "Budapest HUN"]
[Site "?"]
[Date "2006.04.09"]
[Round "9"]
[White "Seres Lajos"]
[Black "Kristjansson Stefan"]
[Result "1/2-1/2"]
[WhiteElo "2400"]
[BlackElo "2480"]
[PlyCount "100"]
[EventDate "2006.??.??"]
[Source "www.chesslib.no"]
[SourceDate "2004.05.04"]

1. d4 Nf6 2. c4 g6 3. Nc3 d5 4. Nf3 Bg7 5. e3 O-O 6. b4 b6 7. Ba3 c5 8. bxc5 bxc5 9. Rc1 Ne4 10. Bxc5 Nxc5 11. dxc5 Na6 12. cxd5 Nxc5 13. Nd4 Bb7 14. Bc4 Nd7 15. Bb5 Nb6 16. Nc6 Qd6 17. O-O Bxc3 18. Rxc3 Nxd5 19. Qxd5 Qxd5 20. Nxe7+ Kg7 21. Nxd5 Bxd5 22. a3 Rfc8 23. Rfc1 Rxc3 24. Rxc3 Rb8 25. Bd3 Rb2 26. h3 Ra2 27. e4 Be6 28. f4 a5 29. Bb5 Rb2 30. Bc6 Bb3 31. a4 Kf6 32. Rc5 Rc2 33. Rxc2 Bxc2 34. Kf2 Ke6 35. e5 f6 36. exf6 Kxf6 37. Ke3 Ke6 38. Kd4 Kd6 39. Be8 Ke7 40. Bb5 Kd6 41. g4 Bd1 42. g5 Bb3 43. h4 Bd1 44. Bd3 Ke6 45. Kc5 Bxa4 46. Kb6 Bd7 47. Kxa5 Kd5 48. Kb6 Kd4 49. Bc2 Ke3 50. f5 Bxf5 1/2-1/2

[Event "Novi Sad Open"]
[Site "Novi Sad YUG"]
[Date "1988.??.??"]
[Round "5"]
[White "Bagirov, Vladimir K"]
[Black "Kovacevic, Predrag"]
[Result "1/2-1/2"]
[WhiteElo "2480"]
[BlackElo "2390"]
[PlyCount "73"]
[EventDate "1988.06.??"]
[Source "www.chesslib.no"]
[SourceDate "2004.05.04"]

1. d4 Nf6 2. c4 g6 3. Nc3 d5 4. Nf3 Bg7 5. e3 O-O 6. b4 a5 7. b5 c5 8. bxc6 bxc6 9. Ba3 Ba6 10. Rc1 Nbd7 11. Na4 Ne4 12. Be2 Re8 13. O-O e6 14. cxd5 cxd5 15. Bxa6 Rxa6 16. Qd3 Ra7 17. Rc6 Nb8 18. Rb6 Nd7 19. Rb5 Bf8 20. Rfb1 Qa8 21. Bxf8 Rxf8 22. Ne5 Nef6 23. f4 Nxe5 24. fxe5 Ne4 25. Nc5 Rc8 26. Nxe4 dxe4 27. Qa3 a4 28. Rc1 Rxc1+ 29. Qxc1 Kg7 30. h3 Qd8 31. Rc5 Rb7 32. Kh2 h5 33. Rc8 Qg5 34. Qc5 Re7 35. Kh1 h4 36. Qa3 Qg3 37. Qxe7 1/2-1/2

[Event "Guillermo Garcia mem-B"]
[Site "Santa Clara"]
[Date "1999.06.05"]
[Round "11"]
[White "Garcia Martinez, Silvino"]
[Black "Herrera, Irisberto"]
[Result "0-1"]
[WhiteElo "2420"]
[BlackElo "2450"]
[PlyCount "58"]
[EventDate "1999.05.??"]
[Source "ChessBase"]
[SourceDate "1999.07.10"]

1. d4 Nf6 2. c4 g6 3. Nc3 d5 4. Nf3 Bg7 5. e3 O-O 6. b4 b6 7. Bb2 c5 8. bxc5 bxc5 9. Rc1 Na6 10. cxd5 Rb8 11. Ba1 Qa5 12. Ne5 Nb4 13. a3 Qxa3 14. Nc4 Qa6 15. dxc5 Bf5 16. f3 Bc2 17. Qd2 Bb3 18. Ne5 Qa5 19. Bb2 Qxc5 20. e4 Nc2+ 21. Rxc2 Bxc2 22. Qxc2 Nxe4 23. fxe4 Bxe5 24. Ba1 Rfc8 25. Kd2 Bf4+ 26. Ke2 Qe3+ 27. Kd1 Rb1+ 28. Nxb1 Rxc2 29. Kxc2 Qc1+ 0-1

[Event "Leeuwarden Open"]
[Site "Leeuwarden NED"]
[Date "1993.??.??"]
[Round "2"]
[White "Strating, Sybolt"]
[Black "Huzman, Alexander"]
[Result "1/2-1/2"]
[WhiteElo "2355"]
[BlackElo "2510"]
[PlyCount "71"]
[EventDate "1993.08.??"]
[Source "www.chesslib.no"]
[SourceDate "2004.05.04"]

1. d4 Nf6 2. c4 g6 3. Nc3 d5 4. Nf3 Bg7 5. e3 O-O 6. b4 c6 7. Bb2 Bg4 8. Be2 Nbd7 9. c5 Bxf3 10. gxf3 e5 11. dxe5 Nxe5 12. f4 Ned7 13. Bf3 b6 14. cxb6 Nxb6 15. Ne2 Nc4 16. Bc3 a5 17. a3 Re8 18. O-O Qd7 19. Rc1 Nxa3 20. bxa5 Nb5 21. Bb4 Ne4 22. Ng3 Nbc3 23. Qc2 c5 24. Bxc3 Nxc3 25. Qd2 Na4 26. Qxd5 Qxd5 27. Bxd5 Rxa5 28. Ne4 c4 29. Bc6 Rc8 30. Rxc4 Nb2 31. Rc2 Nd3 32. Nd6 Rc7 33. Ne4 Rc8 34. Nd6 Rc7 35. Ne8 Rc8 36. Nd6 1/2-1/2

[Event "Presov op"]
[Site "Presov"]
[Date "2000.??.??"]
[Round "4"]
[White "Likavsky, Tomas"]
[Black "Timofeev, Artyom"]
[Result "0-1"]
[WhiteElo "2409"]
[BlackElo "2447"]
[PlyCount "132"]
[EventDate "2000.08.??"]
[Source "www.chesslib.no"]
[SourceDate "2004.05.04"]

1. d4 Nf6 2. c4 g6 3. Nc3 d5 4. Nf3 Bg7 5. e3 O-O 6. b4 c6 7. Bb2 Nbd7 8. Rc1 dxc4 9. Bxc4 Nb6 10. Bb3 Nbd5 11. Ne5 Nxc3 12. Bxc3 Nd5 13. Bd2 Be6 14. a4 Bxe5 15. dxe5 Qc7 16. f4 Rfd8 17. Bxd5 Rxd5 18. Qe2 Qd7 19. Bc3 Bg4 20. Qc2 Rd3 21. Kf2 Rd8 22. Rhe1 Qd5 23. e4 Qc4 24. Kg1 c5 25. bxc5 Qxc5+ 26. Kh1 b6 27. Qb2 Re3 28. Bb4 Rxe1+ 29. Rxe1 Qc7 30. h3 Be6 31. Qa3 Kf8 32. a5 Ke8 33. axb6 axb6 34. Qe3 b5 35. Rc1 Rd3 36. Qe1 Qb7 37. Kh2 Rd4 38. Ra1 Rxe4 39. Qd2 Qd5 40. Kg3 Qxd2 41. Bxd2 Bd5 42. Kf2 Rc4 43. g4 Kd7 44. Rb1 Kc6 45. Rb2 Re4 46. h4 Kc5 47. Be3+ Kc6 48. Ke2 Ra4 49. Bd2 Ra3 50. Be3 Be6 51. Rc2+ Bc4+ 52. Kf3 Kd5 53. Rd2+ Bd3 54. Rb2 Kc4 55. Bd2 Bf5+ 56. Be3 Bxg4+ 57. Kxg4 Rxe3 58. Ra2 h5+ 59. Kg5 Rg3+ 60. Kh6 Rg4 61. f5 gxf5 62. Kxh5 b4 63. Ra7 b3 64. Rc7+ Kd3 65. Rxe7 b2 66. Rb7 Kc3 0-1

[Event "Capablanca Premier-A 32nd"]
[Site "Cienfuegos"]
[Date "1997.??.??"]
[Round "8"]
[White "Moreno, Alejandro"]
[Black "Herrera, Irisberto"]
[Result "1/2-1/2"]
[WhiteElo "2395"]
[BlackElo "2450"]
[PlyCount "44"]
[EventDate "1997.05.05"]
[Source "ChessBase"]
[SourceDate "1997.07.29"]

1. d4 Nf6 2. c4 g6 3. Nc3 d5 4. Nf3 Bg7 5. e3 O-O 6. b4 b6 7. Qb3 c5 8. bxc5 bxc5 9. cxd5 Na6 10. Bc4 Rb8 11. Qd1 Nb4 12. O-O Nbxd5 13. Nxd5 Nxd5 14. Ba3 cxd4 15. Nxd4 Bb7 16. Rc1 Qa5 17. Bb2 Rfd8 18. Nb3 Qxa2 19. Bxg7 Kxg7 20. Qd4+ Nf6 21. Qe5 Qa4 22. Qxe7 Qe8 1/2-1/2

[Event "Premier"]
[Site "?"]
[Date "1997.??.??"]
[Round "?"]
[White "Moreno Alejandro"]
[Black "Herrera Irisberto"]
[Result "1/2-1/2"]
[WhiteElo "2390"]
[BlackElo "2450"]
[PlyCount "44"]
[EventDate "1997.??.??"]
[Source "www.chesslib.no"]
[SourceDate "2004.05.04"]

1. d4 Nf6 2. c4 g6 3. Nc3 d5 4. Nf3 Bg7 5. e3 O-O 6. b4 b6 7. Qb3 c5 8. bxc5 bxc5 9. cxd5 Na6 10. Bc4 Rb8 11. Qd1 Nb4 12. O-O Nbxd5 13. Bd3 Qa5 14. Bb2 a6 15. Bxa6 Ra8 16. Rc1 Bd7 17. a4 Ne4 18. Nd2 Ra7 19. Bc8 e6 20. Nb3 Bb5 21. Qe2 Rc7 22. g4 Qa6 1/2-1/2

[Event "BL2-Ost 0203"]
[Site "?"]
[Date "2003.03.09"]
[Round "8.1"]
[White "Machelett Heiko"]
[Black "Pribyl Josef"]
[Result "1/2-1/2"]
[WhiteElo "2405"]
[BlackElo "2420"]
[PlyCount "27"]
[EventDate "2003.??.??"]
[Source "www.chesslib.no"]
[SourceDate "2004.05.04"]

1. d4 Nf6 2. c4 g6 3. Nc3 d5 4. Nf3 Bg7 5. e3 O-O 6. b4 b6 7. Qb3 e6 8. cxd5 exd5 9. Be2 Be6 10. O-O Ne4 11. Ba3 Re8 12. Rac1 c6 13. Qa4 b5 14. Qc2 1/2-1/2

[Event "Ch Moldavia"]
[Site "Moldova"]
[Date "1983.??.??"]
[Round "?"]
[White "Popov Nikolay"]
[Black "Alterman, Vladimir I"]
[Result "1-0"]
[WhiteElo "2435"]
[BlackElo "2385"]
[PlyCount "53"]
[EventDate "1983.??.??"]
[Source "www.chesslib.no"]
[SourceDate "2004.05.04"]

1. d4 Nf6 2. c4 g6 3. Nc3 d5 4. Nf3 Bg7 5. e3 O-O 6. b4 c6 7. Bb2 Bf5 8. Be2 Ne4 9. Nxe4 Bxe4 10. O-O a5 11. b5 dxc4 12. Bxc4 c5 13. Qe2 cxd4 14. Nxd4 e5 15. Nb3 a4 16. Nc5 a3 17. Bc3 Bf5 18. e4 Bc8 19. Rfd1 Qc7 20. Bb4 b6 21. Nb3 Re8 22. Rac1 Ra4 23. Bd6 Qa7 24. Bd5 Bb7 25. Bxf7+ Kxf7 26. Rc7+ Kg8 27. Qf3 1-0